Swargam Thurakkunna Samayam_Malayalam (Record no. 38151)

MARC details
000 -LEADER
fixed length control field 01526nam a22001817a 4500
020 ## - INTERNATIONAL STANDARD BOOK NUMBER
ISBN 978-8122612868
082 ## - DEWEY DECIMAL CLASSIFICATION NUMBER
Classification number 920 VAS
100 ## - MAIN ENTRY--AUTHOR NAME
Personal name Vasudevan Nair M T
245 ## - TITLE STATEMENT
Title Swargam Thurakkunna Samayam_Malayalam
250 ## - EDITION STATEMENT
Edition statement 1
260 ## - PUBLICATION, DISTRIBUTION, ETC. (IMPRINT)
Name of publisher Current Books
Place of publication Thrissur
Year of publication 2023
300 ## - PHYSICAL DESCRIPTION
Number of Pages Paperback โ€ : โ€Ž 104 pages
Other physical details Item Weight โ€ : โ€Ž 160 g Dimensions โ€ : โ€Ž 23.4 x 15.6 x 1.9 cm
520 ## - SUMMARY, ETC.
Summary, etc เดŽเดฒเตเดฒเดพเด‚ เด’เดดเดฟเดšเตเดšเต เด•เดดเดฟเดžเตเดžเดพเดฒเตเด‚ เดชเดฟเดจเตเดจเต†เดฏเตเด‚ เด†เดฐเต†เด™เตเด•เดฟเดฒเตเด‚ เดตเดฐเตเด‚. เด…เดชเตเดชเต‹เดณเตโ€ เดžเดพเดจเต€ เดจเดฟเดฒเดคเตเดคเต เด…เดจเด™เตเด™เดพเดคเต† เด•เดฟเดŸเด•เตเด•เดพเด‚. เดŽเดจเตเดฑเต† เด•เดดเตเดคเตเดคเดฟเดฒเตโ€ เด’เดฐเต เดจเต‚เดฒเดฟเดŸเตเดŸเต เด•เดŸเดฒเดพเดธเดฟเดฒเตโ€ เดŽเดดเตเดคเดฟ เดตเดฏเตเด•เตเด•เต‚. เดŽเดจเตเดคเต†เด™เตเด•เดฟเดฒเตเด‚ เด’เดฐเต เดตเดฟเดฒ.โ€™<br/>เดตเดพเดฏเดจเด•เตเด•เดพเดฐเตเดŸเต† เดฎเดจเต‹เดญเต‚เดชเดŸเดคเตเดคเดฟเดฒเตโ€ เดชเดจเดจเต€เดฐเตโ€เดฎเตเดณเตเดณเตเด•เดณเตโ€ เด•เตŠเดฃเตเดŸเต เดธเตเด–เดฎเตเดณเตเดณ เดจเตŠเดฎเตเดชเดฐเด™เตเด™เดณเตโ€ เด•เต‹เดฑเดฟเดฏเดฟเดŸเตเดŸ เดŽเด‚เดŸเดฟเดฏเตเดŸเต† เดชเตเดฐเดถเดธเตเดคเดฎเดพเดฏ เด†เดฑเตเด•เดฅเด•เดณเดพเดฃเต เดˆ เดธเดฎเดพเดนเดพเดฐเดคเตเดคเดฟเดฒเตโ€ . เดธเดพเดฏเด‚เดธเดจเตเดงเตเดฏ เดชเต‹เดฒเต† เดšเต‡เดคเต‹เดนเดฐเดฎเดพเดฏ เดตเดพเด™เตเดฎเดฏเด™เตเด™เดณเตโ€ เด‰เดฃเดฐเตโ€เดคเตเดคเตเดจเตเดจ เด•เดฅเด•เดณเตโ€ .
546 ## - LANGUAGE NOTE
Language note Language โ€ : โ€Ž Malayalam
650 ## - SUBJECT ADDED ENTRY--TOPICAL TERM
Topical Term GEN
942 ## - ADDED ENTRY ELEMENTS (KOHA)
Koha item type Text Book
952 ## - LOCATION AND ITEM INFORMATION (KOHA)
Damaged status
Not for loan
Holdings
Withdrawn status Collection code Permanent Location Current Location Date acquired Source of acquisition Cost, normal purchase price Inventory number Full call number Accession Number Price effective from Koha item type
  GENERAL VAST Central Library VAST Central Library 28/11/2025 Minerva Books 180.00 90 920 VAS 38299 22/12/2025 Text Book